| 000 | 01347nam a22003497a 4500 | ||
|---|---|---|---|
| 003 | CHAP | ||
| 005 | 20220329141144.0 | ||
| 008 | 971010s1980 r 00010 d | ||
| 010 | _a63533 | ||
| 011 | _a64505 | ||
| 035 | _a69862 | ||
| 040 | _cCHAP | ||
| 082 | 0 | 4 |
_a581.11 _bL3 |
| 100 | 0 | 0 |
_aLarqué Saavedra, Francisco Alfonso. _964944 |
| 245 | 1 | 0 | _aFisiología vegetal experimental, el agua en las plantas |
| 260 |
_aChapingo, Méx. : _bColegio de Postgraduados. Rama de Botánica, _c1980 |
||
| 300 |
_a171 p. _b: ilus. ; gráfs |
||
| 590 |
_aBATCH-UPD _b10 _c20130110 _lUCH01 _h1605 |
||
| 590 |
_aBATCH-UPD _b10 _c20130410 _lUCH01 _h1002 |
||
| 590 |
_aBATCH-UPD _b10 _c20130914 _lUCH01 _h1007 |
||
| 590 |
_aCONVERSION _b10 _c20130109 _lUCH01 _h1334 |
||
| 650 | 1 | 4 |
_aFisiología vegetal. _941136 |
| 650 | 1 | 4 |
_aPlantas _xContenido de agua. _988802 |
| 710 | 0 |
_aColegio de Postgraduados. Chapingo, Méx. Rama de Botánica. _925089 |
|
| 901 | _aBK | ||
| 942 | _cLIBRO | ||
| 949 |
_a581.11 L3 _bBC _cLIBRO _d-81123 _eLIBRO _h48254 _i69862 _mD _si |
||
| 949 |
_a581.11 L3 _bBC _cLIBRO _d-81124 _eLIBRO _fc.2 _h48255 _i69862 _mD _si |
||
| 949 |
_a581.11 L3 _bBC _cLIBRO _d-81126 _eLIBRO _fc.4 _h48257 _i69862 _mD _si |
||
| 949 |
_a581.11 L3 _bBC _cLIBRO _d33724000580411 _eLIBRO _fc.3 _h48256 _i69862 _mD _si |
||
| 949 |
_a581.11 L3 _bBC _cUACH _d-81127 _eUACH _fc.5 _h48258 _i69862 _mD _si |
||
| 999 |
_c63533 _d63533 |
||